Loading...
| Current Events | 1 | 20.00 | 100% | 100% | 0% |
| Fine Arts - Classical Music | 3 | 3.33 | 33% | 0% | 0% |
| Fine Arts - Other Fine Arts | 5 | 20.00 | 100% | 80% | 20% |
| Geography | 4 | 22.50 | 100% | 100% | 25% |
| History - American History | 4 | 15.00 | 100% | 50% | 0% |
| History - European History | 3 | 13.33 | 67% | 67% | 0% |
| History - Other History | 7 | 14.29 | 100% | 43% | 0% |
| History - World History | 4 | 17.50 | 100% | 25% | 50% |
| Literature - American Literature | 4 | 12.50 | 75% | 25% | 25% |
| Literature - British Literature | 1 | 20.00 | 100% | 100% | 0% |
| Literature - European Literature | 6 | 15.00 | 100% | 17% | 33% |
| Literature - World Literature | 3 | 13.33 | 100% | 33% | 0% |
| Mythology | 4 | 10.00 | 25% | 75% | 0% |
| Painting/Sculpture | 2 | 15.00 | 100% | 50% | 0% |
| Philosophy | 2 | 10.00 | 100% | 0% | 0% |
| Pop Culture | 4 | 17.50 | 100% | 75% | 0% |
| Religion | 3 | 10.00 | 100% | 0% | 0% |
| Science - Biology | 5 | 10.00 | 80% | 20% | 0% |
| Science - Chemistry | 5 | 8.00 | 80% | 0% | 0% |
| Science - Other Science | 8 | 13.75 | 100% | 38% | 0% |
| Science - Physics | 7 | 10.00 | 86% | 14% | 0% |
| Social Science | 4 | 10.00 | 100% | 0% | 0% |